000 01910nam0a22003371 4500
001 rc\3738151
005 20130115154315.8
021 _aRU
_b[73-76389]
035 _a(NLR Aleph) 007869161
090 _a7846282
_c7846282
100 _a20130115d1973 |||y0rusy50 ca
101 0 _arus
102 _aRU
105 _aa z |||||
200 1 _aСостояние и перспективные направления в развитии машин для защитно-стимулирующей обработки семян в СССР и за рубежом
_eОбзор
_f[Науч. ред. Н.М. Волхонская]
_gМ-во тракт. и с.-х. машиностроения. Центр. науч.-исслед. ин-т информации и техн.-экон. исследований по тракт. и с.-х. машиностроению
210 _aМосква
_c[ЦНИИТЭИтракторосельхозмаш]
_d1973
215 _a51 с.
_cил.
_d21
225 1 _a[Обзорная информация]
_iСерия "Сельскохозяйственные машины"
300 _aНа обороте тит. л. авт.: Шеруда С.Д., Осташевский И.Я., Омелюх Я.К. и др.
320 _aСписок лит.: с. 49-50 (21 назв.)
606 _aСемена
_xПодготовка к посеву
_xМеханизация
_2psbo
701 1 _aШеруда
_bС. Д.
_gСтепан Дмитриевич
701 1 _aОсташевский
_bИ. Я.
701 1 _aОмелюх
_bЯ. К.
702 1 _aВолхонская
_bН. М.
_4340
712 0 2 _aЦентральный ин-т науч.-техн. информации тракторного и с.-х. машиностроения
_cМосква
_3RU\NLR\AUTH\8810025697
801 0 _aRU
_bNLR
_gpsbo
801 1 _aRU
_bELAR
_2rusmarc
852 _aNLR
_j73-6/8719
942 _cBOOK
980 _aNB